Countries with Nuclear Weapons by Continent - Statistics

General Stats
  • This quiz has been taken 96 times
  • The average score is 12 of 14
Answer Stats
Continent # of Country % Correct
Europe 290 France
100%
Europe 225 United Kingdom
100%
Asia 40-50 North Korea
99%
Asia 6,255 Russia
99%
North America 5,550 United States
99%
Asia 350 China
97%
Asia 156 India
95%
Europe 20 Germany
94%
Asia 165 Pakistan
92%
Europe 40 Italy
87%
Asia 90 Israel
83%
Europe/Asia 50 Turkey
66%
Europe 20 Belgium
61%
Europe 20 Netherlands
61%
No matching quizzes found
Score Distribution
Percent of People with Each Score
Percentile by Number Answered
Your Score History
You have not taken this quiz